[Event "42nd Capablanca Mem Elite"]
[Site "Havana CUB"]
[Date "2007.05.18"]
[Round "1"]
[White "Nogueiras Santiago, J."]
[Black "Quezada Perez, Y."]
[Result "1/2-1/2"]
[WhiteElo "2552"]
[BlackElo "2541"]
[PlyCount "27"]
[EventDate "2007.05.18"]

1. d4 Nf6 2. c4 e6 3. Nf3 b6 4. g3 Bb7 5. Bg2 Be7 6. O-O O-O 7. Nc3 Ne4 8. Nxe4
Bxe4 9. Ne1 Bxg2 10. Nxg2 d5 11. Qa4 Qd7 12. Qxd7 Nxd7 13. cxd5 exd5 14. Be3
1/2-1/2

[Event "42nd Capablanca Mem Elite"]
[Site "Havana CUB"]
[Date "2007.05.18"]
[Round "1"]
[White "Bruzon Batista, L."]
[Black "Gashimov, V."]
[Result "1/2-1/2"]
[WhiteElo "2620"]
[BlackElo "2644"]
[PlyCount "51"]
[EventDate "2007.05.18"]

1. Nf3 Nf6 2. g3 g6 3. Bg2 Bg7 4. O-O O-O 5. c4 c6 6. d4 d5 7. cxd5 cxd5 8. Ne5
e6 9. Nc3 Nfd7 10. f4 Nc6 11. Kh1 Nb6 12. b3 f6 13. Nf3 f5 14. Ba3 Rf7 15. e3
Bd7 16. Rc1 Be8 17. Rf2 h6 18. Ne1 Nd7 19. Nd3 Nf6 20. Rfc2 Bf8 21. Bxf8 Kxf8
22. Na4 Rc7 23. Nac5 Qd6 24. Ne5 Rac8 25. h3 Nd8 26. Kh2 1/2-1/2

[Event "42nd Capablanca Mem Elite"]
[Site "Havana CUB"]
[Date "2007.05.18"]
[Round "1"]
[White "Arencibia Rodriguez, W."]
[Black "Miton, K."]
[Result "1/2-1/2"]
[WhiteElo "2555"]
[BlackElo "2653"]
[PlyCount "159"]
[EventDate "2007.05.18"]

1. e4 e5 2. Nf3 Nc6 3. Bb5 a6 4. Ba4 Nf6 5. O-O Be7 6. Re1 b5 7. Bb3 d6 8. c3
O-O 9. d3 Na5 10. Bc2 c5 11. Nbd2 Re8 12. Nf1 Bb7 13. Ng3 Bf8 14. Bd2 Nc6 15.
a4 b4 16. a5 bxc3 17. Bxc3 Bc8 18. Ba4 Qc7 19. Nd2 Be6 20. Nc4 Nd7 21. Nf1 Reb8
22. Nfe3 Ra7 23. g3 g6 24. f4 exf4 25. gxf4 Nd4 26. Bxd7 Qxd7 27. Nb6 Qd8 28.
f5 Qg5+ 29. Kh1 Bb3 30. Qg4 Qxg4 31. Nxg4 gxf5 32. exf5 Bg7 33. Ra3 h5 34. Nf2
Bc2 35. Bxd4 Bxd4 36. Re2 Bxf2 37. Rxf2 Bd1 38. Ra1 Bb3 39. Ra3 Bd1 40. Kg2 Kh7
41. d4 Re7 42. Rd2 Bg4 43. dxc5 dxc5 44. Nd7 Rb5 45. Rg3 Kh6 46. Nf6 Reb7 47.
Nxg4+ hxg4 48. Rxg4 Rxb2 49. Rf2 R7b5 50. f6 Rxf2+ 51. Kxf2 c4 52. Rxc4 Rxa5
53. Rc6 Kg6 54. Kg3 Rg5+ 55. Kh4 a5 56. Ra6 Rb5 57. Kg3 Kf5 58. Kf2 Rb2+ 59.
Ke3 Ra2 60. Kd3 a4 61. Kc3 Rxh2 62. Rxa4 Re2 63. Kd3 Re6 64. Ra1 Kxf6 65. Rf1+
Ke7 66. Rf5 f6 67. Ra5 Kf7 68. Ra2 Kg6 69. Rg2+ Kf5 70. Rg1 Kf4 71. Rf1+ Kg3
72. Kd4 Kg4 73. Rg1+ Kf5 74. Rf1+ Kg6 75. Rf4 Kf7 76. Rf1 Re5 77. Rf2 Ke6 78.
Rf3 Re1 79. Kd3 Ke5 80. Re3+ 1/2-1/2

[Event "42nd Capablanca Mem Elite"]
[Site "Havana CUB"]
[Date "2007.05.20"]
[Round "3"]
[White "Nielsen, PH."]
[Black "Arencibia Rodriguez, W."]
[Result "1-0"]
[WhiteElo "2649"]
[BlackElo "2555"]
[PlyCount "65"]
[EventDate "2007.05.18"]

1. c4 e5 2. Nc3 Nc6 3. g3 Bc5 4. Bg2 Nge7 5. e3 d6 6. Nge2 a6 7. a3 Ba7 8. b4
h5 9. h4 Bg4 10. Bb2 O-O 11. d3 Qd7 12. Qd2 Rab8 13. Nd5 Nxd5 14. Bxd5 Ne7 15.
Bg2 Qf5 16. f3 Bxf3 17. O-O Bxg2 18. Rxf5 Nxf5 19. Kxg2 Nxe3+ 20. Kh1 Rbe8 21.
Nc3 f5 22. Nd5 f4 23. Nxe3 fxe3 24. Qg2 e4 25. Qh3 Re7 26. dxe4 Kh7 27. Re1 Rf2
28. Bc3 e2 29. Qc8 Bd4 30. Rxe2 Rxe2 31. Bxd4 R2xe4 32. Bf2 Re2 33. Bg1 1-0

[Event "42nd Capablanca Mem Elite"]
[Site "Havana CUB"]
[Date "2007.05.21"]
[Round "4"]
[White "Miton, K."]
[Black "Quezada Perez, Y."]
[Result "1/2-1/2"]
[WhiteElo "2653"]
[BlackElo "2541"]
[PlyCount "106"]
[EventDate "2007.05.18"]

1. d4 Nf6 2. c4 e6 3. Nf3 Bb4+ 4. Nbd2 b6 5. a3 Bxd2+ 6. Qxd2 Bb7 7. g3 d6 8.
Bg2 Nbd7 9. O-O a5 10. b3 O-O 11. Bb2 Be4 12. Qc3 c6 13. Bh3 h6 14. Nd2 Bg6 15.
Bg2 d5 16. a4 Re8 17. Rfe1 c5 18. dxc5 Nxc5 19. Rad1 Rc8 20. Nf1 Qe7 21. Ne3
Qf8 22. Ba3 Be4 23. f3 Bg6 24. cxd5 exd5 25. Nxd5 Nxd5 26. Rxd5 Red8 27. Rxd8
Qxd8 28. Rc1 Rc7 29. Bb2 f6 30. Bf1 Bf7 31. e4 Bxb3 32. Bb5 Bf7 33. Qd4 Qxd4+
34. Bxd4 Be6 35. Kf1 Rc8 36. Ke2 Kf7 37. Ke3 Ke7 38. Rb1 Bd7 39. Bxd7 Nxd7 40.
Bxb6 Nxb6 41. Rxb6 Rc4 42. Rb7+ Kf8 43. Kf4 Rxa4 44. Kf5 Rb4 45. Ra7 Rb5+ 46.
Ke6 Rb6+ 47. Kd5 Rb5+ 48. Kd4 Rb2 49. Rxa5 Rxh2 50. g4 Rf2 51. Ke3 Rg2 52. Ra7
Rb2 53. Ra3 Rb5 1/2-1/2

[Event "42nd Capablanca Mem Elite"]
[Site "Havana CUB"]
[Date "2007.05.21"]
[Round "4"]
[White "Arencibia Rodriguez, W."]
[Black "Nogueiras Santiago, J."]
[Result "1/2-1/2"]
[WhiteElo "2555"]
[BlackElo "2552"]
[PlyCount "20"]
[EventDate "2007.05.18"]

1. d4 d5 2. c4 dxc4 3. Nf3 Nf6 4. e3 e6 5. Bxc4 c5 6. dxc5 Qxd1+ 7. Kxd1 Bxc5
8. Ke2 Ke7 9. Rd1 b6 10. Nc3 Bb7 1/2-1/2

[Event "42nd Capablanca Mem Elite"]
[Site "Havana CUB"]
[Date "2007.05.22"]
[Round "5"]
[White "Bruzon Batista, L."]
[Black "Arencibia Rodriguez, W."]
[Result "0-1"]
[WhiteElo "2620"]
[BlackElo "2555"]
[PlyCount "78"]
[EventDate "2007.05.18"]

1. Nf3 d5 2. d4 Nf6 3. c4 c6 4. e3 e6 5. Bd3 Nbd7 6. b3 Bd6 7. Bb2 Ne4 8. O-O
O-O 9. Qc2 f5 10. Ba3 Bxa3 11. Nxa3 Ndf6 12. Rac1 Bd7 13. Ne5 Qe7 14. Nb1 Rad8
15. cxd5 exd5 16. f3 Nd6 17. Rfe1 Be6 18. Bf1 Nd7 19. Nd3 g5 20. Nd2 f4 21. e4
Qg7 22. Qb2 Rfe8 23. Kh1 Bf7 24. Nf2 h5 25. Bd3 Nf8 26. e5 Nc8 27. Rg1 Ne6 28.
g3 Kh8 29. Nh3 Qh6 30. gxf4 gxf4 31. b4 Ne7 32. Nb3 Rg8 33. Qf2 h4 34. Na5 Rg3
35. Nxb7 Rxh3 36. Nxd8 Nxd8 37. Rg4 Rg3 38. Rxg3 fxg3 39. Qc2 Ne6 0-1

[Event "42nd Capablanca Mem Elite"]
[Site "Havana CUB"]
[Date "2007.05.24"]
[Round "6"]
[White "Nielsen, PH."]
[Black "Nogueiras Santiago, J."]
[Result "1/2-1/2"]
[WhiteElo "2649"]
[BlackElo "2552"]
[PlyCount "39"]
[EventDate "2007.05.18"]

1. d4 d5 2. c4 e6 3. Nf3 c6 4. e3 Bd6 5. Bd3 f5 6. O-O Nf6 7. b3 Qe7 8. Bb2 O-O
9. Qc1 b6 10. Ba3 Bb7 11. cxd5 Nxd5 12. Bxd6 Qxd6 13. Nbd2 Nd7 14. Rd1 c5 15.
Qa3 Nb4 16. dxc5 bxc5 17. Bb5 Nf6 18. Rac1 Qe7 19. Qb2 Rad8 20. a3 1/2-1/2

[Event "42nd Capablanca Mem Elite"]
[Site "Havana CUB"]
[Date "2007.05.28"]
[Round "9"]
[White "Gashimov, V."]
[Black "Nogueiras Santiago, J."]
[Result "1/2-1/2"]
[WhiteElo "2644"]
[BlackElo "2552"]
[PlyCount "29"]
[EventDate "2007.05.18"]

1. e4 e6 2. d4 d5 3. Nc3 Nf6 4. Bg5 dxe4 5. Nxe4 Be7 6. Bxf6 Bxf6 7. Nf3 Nd7 8.
Bd3 c5 9. Qe2 Qa5+ 10. c3 cxd4 11. Nxf6+ Nxf6 12. Nxd4 O-O 13. O-O e5 14. Nb5
Rd8 15. Rad1 1/2-1/2

[Event "42nd Capablanca Mem Elite"]
[Site "Havana CUB"]
[Date "2007.05.28"]
[Round "9"]
[White "Quezada Perez, Y."]
[Black "Nielsen, PH."]
[Result "1/2-1/2"]
[WhiteElo "2541"]
[BlackElo "2649"]
[PlyCount "42"]
[EventDate "2007.05.18"]

1. e4 e5 2. Nf3 Nc6 3. Bb5 a6 4. Ba4 Nf6 5. O-O Be7 6. Re1 b5 7. Bb3 O-O 8. h3
Bb7 9. d3 d5 10. exd5 Nxd5 11. Nxe5 Nd4 12. Nc3 Nxb3 13. axb3 Nb4 14. d4 Re8
15. Be3 Bd6 16. Nd3 Re6 17. d5 Nxd5 18. Nxd5 Bxd5 19. Nf4 Bxf4 20. Bxf4 Rxe1+
21. Qxe1 c6 1/2-1/2